Gianni Rodari svojím.../inc./

Bibliographic Details
Main Authors: B.H (Author), Hečko, Blahoslav, 1915-2002 (Author)
Format: Article
Language:Slovak
Subjects:

MARC

LEADER 00000nab a2200000 a 4500
001 vtls000109814
003 SK-MaSNL
005 20260304073037.0
008 250423c1981 xo 0 slo
015 |a SNBRB19rr/mm-uuuuu 
035 |a CL0119917 
035 |a urn:nbn:sk:snk-abbaq4 
035 |a (urnnbn)urn:nbn:sk:snk:ar-0049ac 
035 |a (uuid)08fdf234-6ee7-4d66-b4d9-116403eda885 
040 |a SNKBUCL  |b slo  |c SNKBUCL  |e AACR2 
041 0 |a slo 
044 |a xo  |c SK 
080 |a 82:929:850  |2 1981 
080 |a 850  |2 1981 
080 |a 929 Rodari, Gianni  |2 1981 
100 1 |a B.H.  |4 aut  |9 932576 
245 1 0 |a Gianni Rodari svojím.../inc./  |c B.H./ ; Blahoslav Hečko 
650 0 7 |a Rodari, Gianni  |2 snkbucl  |9 1003641 
655 7 |a články z novín a časopisov  |2 snkbucl  |9 267496 
655 7 |a články z odboru literárna veda a krásna literatúra  |2 snkbucl  |9 770045 
700 1 |a Hečko, Blahoslav,  |d 1915-2002  |4 aut  |9 105189 
773 0 |t Revue svetovej literatúry  |g Roč. 16, č. 7 (1981), s. 160-161 
850 |a Slovenská národná knižnica 
852 |a Slovenská národná knižnica 
958 |a article15 
958 |a RK 
958 |a LX 
958 |a OND 
958 |a EUIPO 
999 |c 2769283  |d 2771213